Documento fechado en 1732. (Record no. 4701)

MARC details
000 -CABECERA
campo de control de longitud fija 01518nam a2200277 a 4500
001 - NÚMERO DE CONTROL
campo de control BRCA_5007
005 - FECHA Y HORA DE LA ÚLTIMA TRANSACCIÓN
campo de control 20190320204911.0
008 - DATOS DE LONGITUD FIJA--INFORMACIÓN GENERAL
campo de control de longitud fija 291010s1732----mx-#######---#000-0#spa-#
041 ## - CÓDIGO DE LENGUA
Código de lengua del texto/banda sonora o título independiente spa
044 ## - CÓDIGO DEL PAÍS DE LA ENTIDAD EDITORA/PRODUCTORA
Código MARC del país mx
084 ## - OTRO NÚMERO DE CLASIFICACIÓN
Número de clasificación DOC71
Número de documento/Ítem .D63
-- 1732
245 10 - MENCIÓN DE TÍTULO
Título Documento fechado en 1732.
260 ## - PUBLICACIÓN, DISTRIBUCIÓN, ETC.
Lugar de publicación, distribución, etc. México
Fecha de publicación, distribución, etc. 1732
300 ## - DESCRIPCIÓN FÍSICA
Extensión [32]fojas
Dimensiones 31 x 21 cm.
500 ## - NOTA GENERAL
Nota general Documento que contiene varios comprobantes de las partidas destinadas al pago de
-- 300.00 pesos, por concepto de gastos en varias festividades religiosas como las de San Felipe, Corpus Christi, San Hipólito, San Gregorio etc. Que se repartían en las vísperas de San Felipe de Jesús entre los señores Juez, Superintendente, Corregidores, Capitulares y Ministros, como propinas.
500 ## - NOTA GENERAL
Nota general Contiene sellos con el escudo de la casa de Borbón y el lema: ´SELLO QUARTO. UN QUARTILLO. AÑOS DE MIL SETECIENTOS Y TREINTA Y UNO Y TREINTA Y DOS´.
500 ## - NOTA GENERAL
Nota general El documento contiene la leyenda DOC. #231.
500 ## - NOTA GENERAL
Nota general Papel con marca de agua.
500 ## - NOTA GENERAL
Nota general Estado de conservación: tienen los margenes en mal estado, manchas de acidez y una gran mancha en la parte superior derecha de la foja 1.
506 0# - NOTA DE RESTRICCIONES AL ACCESO
Limitaciones de acceso Fondo Reservado. Para su consulta es necesario credencial de usuario y carta de motivos.
546 ## - NOTA DE LENGUA/LENGUAJE
Nota de lengua/lenguaje Texto en: español de principos del siglo XVIII.
650 14 - PUNTO DE ACCESO ADICIONAL DE MATERIA--TÉRMINO DE MATERIA
Término de materia o nombre geográfico como elemento de entrada Festividades religiosas
Subdivisión general Historia
Subdivisión geográfica México
9 (RLIN) 12770
651 #4 - PUNTO DE ACCESO ADICIONAL DE MATERIA--NOMBRE GEOGRÁFICO
Nombre geográfico México
Subdivisión de forma Manuscritos
Subdivisión general Historia
Subdivisión cronológica Colonia, 1521-1821
9 (RLIN) 12771
902 ## - CATALOGADOR
Iniciales FDH
942 ## - ELEMENTOS DE PUNTO DE ACCESO ADICIONAL (KOHA)
Fuente del sistema de clasificación o colocación Library of Congress Classification
Tipo de ítem Koha Documentos
Holdings
Estado de retiro Estado de pérdida Estado dañado No para préstamo Localización permanente Ubicación/localización actual Fecha de adquisición Total de préstamos Signatura topográfica completa Código de barras Fecha visto por última vez Precio válido a partir de Tipo de ítem Koha
El ejemplar forma parte de la colección y puede ser consultado según las políticas vigentes.       Biblioteca del Museo Franz Mayer (Rogerio Casas-Alatriste) Biblioteca del Museo Franz Mayer (Rogerio Casas-Alatriste) 29/10/2010   DOC71 .D63 1732 5094 22/03/2019 22/03/2019 Documentos